MDQL
is popping MORE tags! Check the
thread
!
Quizzes
Events
Quiz Creation
Community
Videos
Private Events
Remove Ads
Sign In
Join for FREE
Feedback
Dark Mode
Quiz Categories
Sports
Geography
Music
Movies
Television
Just For Fun
Miscellaneous
History
Literature
Language
Science
Gaming
Entertainment
Religion
Holiday
For Kids
Quiz Lab
Recent
Popular Today
Quiz Kudos Today
Editor Picks
Curator Picks
Quizzes by...
Day
Popularity
Type
Ratings
Length
Year
Community
Subscriptions
Recent Discussions
Orange Saloon
Badges
Playlists
Quests
Create
Leaderboards
Showdown
Live 5
Trivia Bingo
Activity
Puzzle Library
Sporcle Events
Private Events
Virtual Trivia
Globe League
Become a Host
Pub Owners
SporcleCon
Opinionation
Our Games
Videos
Blog
Mobile Apps
Partnerships
Remove Ads and Go Orange
Feedback
Geography
Country
Landmarks
City
State
Population
World
Capital
Continent
Flags
Europe
Africa
Asia
South America
North America
Oceania
Border
Canada
United Kingdom
Topography
United States
Geography
Country
Landmarks
City
State
Population
World
Capital
Continent
Flags
Europe
Africa
Asia
South America
North America
Oceania
Border
Canada
United Kingdom
Topography
United States
Random Quiz
Search Sporcle
×
Quiz Lab
Quiz Lab
Geography
suburban
Type in answers that appear in a list
Type in answers that appear in a list
Classic
Best Score? Go Orange.
Municipalities of Suburban Philadelphia (Pennsylvania) Stats
Can you name the Municipalities of Suburban Philadelphia (Pennsylvania)?
By
Mumphrey
20m
237 Questions
295 Plays
295 Plays
295 Plays
Comments
Comments
Give Quiz Kudos
Give Quiz Kudos
-
- Ratings
hide this ad
Replay
Link that replays current quiz
Next Quiz
Link to next quiz in quiz playlist
You Got
0%
They Got
Avg Score
77%
Avg Friend Score
Upgrade to see
Score Distribution
Jump to the score distribution portion of the page
Score
0/237
Timer
20:00
0
Plays Today
Hint
Answer
% Correct
Delaware: City
Chester
93.9%
Delaware: Township
Chester
90.5%
Delaware: Borough
Darby
90.2%
Delaware: Township
Darby
90.2%
Delaware: Township
Radnor
90.2%
Delaware: Township
Upper Darby
90.2%
Montgomery: Township
Abington
89.2%
Montgomery: Borough
Norristown
89.2%
Montgomery: Borough
Lansdale
88.5%
Bucks: Township
Bensalem
88.1%
Montgomery: Township
Lower Merion
88.1%
Delaware: Township
Newtown
88.1%
Bucks: Borough
Newtown
88.1%
Bucks: Township
Newtown
88.1%
Montgomery: Township
Upper Merion
88.1%
Chester: Borough
West Chester
87.8%
Montgomery: Township
Horsham
87.5%
Bucks: Township
Springfield
86.4%
Delaware: Township
Springfield
86.4%
Montgomery: Township
Springfield
86.4%
Bucks: Borough
Doylestown
86.1%
Bucks: Township
Doylestown
86.1%
Montgomery: Borough
Pottstown
85.8%
Bucks: Borough
Bristol
85.4%
Bucks: Township
Bristol
85.4%
Chester: Borough
Coatesville
85.4%
Chester: Borough
Downingtown
85.4%
Delaware: Township
Marple
85.4%
Delaware: Township
Ridley
85.4%
Bucks: Township
Warminster
85.4%
Delaware: Township
Haverford
85.1%
Delaware: Borough
Media
85.1%
Montgomery: Township
Plymouth
85.1%
Delaware: Borough
Lansdowne
84.7%
Delaware: Township
Aston
84.1%
Montgomery: Borough
Jenkintown
84.1%
Bucks: Borough
Yardley
84.1%
Chester: Township
Kennett
83.7%
Montgomery: Township
Montgomery
83.7%
Delaware: Borough
Yeadon
83.7%
Delaware: Borough
Glenolden
83.4%
Montgomery: Township
Upper Moreland
82.7%
Montgomery: Township
Cheltenham
82.4%
Montgomery: Township
Lower Moreland
82.4%
Delaware: Borough
Folcroft
82%
Montgomery: Township
White Marsh
82%
Bucks: Township
Warrington
82%
Chester: Borough
Kennett Square
81.7%
Bucks: Borough
Langhorne
81.7%
Delaware: Borough
Marcus Hook
81.7%
Delaware: Borough
Aldan
81.4%
Bucks: Township
Middletown
81.4%
Delaware: Township
Middletown
81.4%
Delaware: Township
Upper Providence
81.4%
Montgomery: Township
Upper Providence
81.4%
Montgomery: Township
East Norriton
81%
Montgomery: Township
Lower Gwynedd
81%
Chester: Borough
Phoenixville
81%
Bucks: Township
Tinicum
81%
Delaware: Township
Tinicum
81%
Montgomery: Township
Upper Gwynedd
81%
Chester: Township
West Whiteland
81%
Delaware: Borough
Colwyn
80.7%
Chester: Township
East Whiteland
80.7%
Chester: Township
Easttown
80.7%
Chester: Borough
Malvern
80.7%
Delaware: Township
Upper Chichester
80.7%
Montgomery: Borough
Collegeville
80.3%
Delaware: Township
Concord
80.3%
Delaware: Township
Nether Providence
80.3%
Delaware: Borough
Ridley Park
80.3%
Montgomery: Township
Skippack
80.3%
Bucks: Township
Buckingham
80%
Montgomery: Township
Lower Providence
80%
Bucks: Township
Northampton
80%
Bucks: Township
Richland
80%
Chester: Township
Tredyffrin
80%
Montgomery: Township
West Norriton
80%
Delaware: Borough
Chester Heights
79.7%
Hint
Answer
% Correct
Montgomery: Borough
Conshohocken
79.7%
Montgomery: Borough
Hatboro
79.7%
Delaware: Borough
Sharon Hill
79.7%
Delaware: Borough
Swarthmore
79.7%
Chester: Township
West Goshen
79.7%
Montgomery: Borough
Ambler
79.3%
Delaware: Township
Chadds Ford
79.3%
Delaware: Borough
Millbourne
79.3%
Montgomery: Township
Upper Dublin
79.3%
Chester: Township
East Goshen
79%
Delaware: Borough
East Lansdowne
79%
Delaware: Township
Lower Chichester
79%
Bucks: Borough
New Britain
79%
Bucks: Township
New Britain
79%
Chester: Township
Penn
79%
Chester: Township
Uwchlan
79%
Delaware: Borough
Eddystone
78.6%
Chester: Borough
Oxford
78.6%
Chester: Township
Caln
78.3%
Bucks: Township
Lower Southampton
78.3%
Montgomery: Borough
Narberth
78.3%
Bucks: Borough
New Hope
78.3%
Montgomery: Borough
Souderton
78.3%
Bucks: Township
Upper Southampton
78.3%
Chester: Township
Westtown
78.3%
Montgomery: Borough
Bridgeport
78%
Bucks: Borough
Dublin
78%
Montgomery: Township
Limerick
78%
Montgomery: Township
Lower Pottsgrove
78%
Chester: Township
Upper Uwchlan
78%
Bucks: Borough
Chalfont
77.6%
Montgomery: Borough
Hatfield
77.6%
Montgomery: Township
Hatfield
77.6%
Chester: Borough
Honey Brook
77.6%
Chester: Township
Honey Brook
77.6%
Bucks: Borough
Quakertown
77.6%
Delaware: Borough
Collingdale
77.3%
Bucks: Township
Lower Makefield
77.3%
Montgomery: Borough
Red Hill
77.3%
Delaware: Township
Bethel
76.9%
Chester: Township
East Pikeland
76.9%
Delaware: Borough
Morton
76.9%
Montgomery: Township
Perkiomen
76.9%
Delaware: Borough
Clifton Heights
76.6%
Montgomery: Township
New Hanover
76.6%
Chester: Township
Warwick
76.6%
Bucks: Township
Warwick
76.6%
Bucks: Township
Bedminster
76.3%
Chester: Township
East Bradford
76.3%
Bucks: Township
Falls
76.3%
Delaware: Borough
Upland
76.3%
Montgomery: Township
Upper Pottsgrove
76.3%
Chester: Township
Valley
76.3%
Montgomery: Township
Whitpain
76.3%
Chester: Township
West Pikeland
76.3%
Chester: Township
East Coventry
75.9%
Chester: Township
East Fallowfield
75.9%
Chester: Township
Elk
75.9%
Chester: Township
North Coventry
75.9%
Delaware: Borough
Prospect Park
75.9%
Bucks/
Mont.: Borough
Telford
75.9%
Delaware: Borough
Trainer
75.9%
Chester: Township
East Marlborough
75.6%
Delaware: Borough
Rose Valley
75.6%
Montgomery: Borough
Schwenksville
75.6%
Bucks: Township
Upper Makefield
75.6%
Chester: Borough
West Grove
75.6%
Chester: Township
East Brandywine
75.3%
Montgomery: Borough
East Greenville
75.3%
Chester: Township
East Vincent
75.3%
Bucks: Borough
Langhorne Manor
75.3%
Chester: Township
London Britain
75.3%
Delaware: Borough
Rutledge
75.3%
Chester: Township
South Coventry
75.3%
Chester: Township
Willistown
75.3%
Chester: Township
West Fallowfield
75.3%
Chester: Township
West Bradford
75.3%
Chester: Borough
Atglen
74.9%
Chester: Township
Lower Oxford
74.9%
Hint
Answer
% Correct
Montgomery: Township
Lower Salford
74.9%
Montgomery: Borough
North Wales
74.9%
Chester: Township
Upper Oxford
74.9%
Chester: Township
West Caln
74.9%
Delaware: Township
Edgmont
74.6%
Montgomery: Township
Worcester
74.6%
Chester: Township
West Marlborough
74.6%
Chester: Township
Birmingham
74.2%
Delaware: Borough
Brookhaven
74.2%
Chester: Township
East Caln
74.2%
Chester: Township
East Nantmeal
74.2%
Montgomery: Borough
Rockledge
74.2%
Chester: Township
Sadsbury
74.2%
Chester: Township
West Vincent
74.2%
Chester: Township
West Brandywine
74.2%
Chester: Township
Charlestown
73.9%
Chester: Township
London Grove
73.9%
Montgomery: Township
Lower Frederick
73.9%
Bucks: Borough
Penndel
73.9%
Montgomery: Borough
Pennsburg
73.9%
Montgomery: Township
Salford
73.9%
Chester: Township
West Nantmeal
73.9%
Montgomery: Borough
Bryn Athyn
73.6%
Chester: Township
New Garden
73.6%
Chester: Township
Thornbury
73.6%
Delaware: Township
Thornbury
73.6%
Montgomery: Township
West Pottsgrove
73.6%
Bucks: Township
Durham
73.2%
Chester: Township
East Nottingham
73.2%
Chester: Township
Franklin
73.2%
Montgomery: Township
Marlborough
73.2%
Montgomery: Borough
Royersford
73.2%
Montgomery: Township
Towamencin
73.2%
Montgomery: Township
Upper Frederick
73.2%
Chester: Township
Londonderry
72.9%
Bucks: Township
Milford
72.9%
Chester: Township
New London
72.9%
Delaware: Borough
Norwood
72.9%
Bucks: Borough
Richlandtown
72.9%
Chester: Borough
South Coatesville
72.9%
Montgomery: Township
Upper Salford
72.9%
Montgomery: Borough
West Conshohocken
72.9%
Chester: Township
Wallace
72.9%
Chester: Borough
Avondale
72.5%
Chester: Township
Newlin
72.5%
Montgomery: Township
Franconia
72.2%
Montgomery: Borough
Green Lane
72.2%
Bucks: Borough
Morrisville
72.2%
Chester: Township
Pocopson
72.2%
Bucks: Township
Solebury
72.2%
Chester: Borough
Spring City
71.9%
Chester: Township
West Sadsbury
71.9%
Bucks: Township
East Rockhill
71.5%
Chester: Township
Highland
71.5%
Chester: Borough
Parkesburg
71.2%
Bucks: Township
Bridgeton
70.8%
Chester: Township
West Nottingham
70.8%
Chester: Borough
Modena
70.5%
Chester: Township
Schuylkill
70.5%
Montgomery: Township
Upper Hanover
70.5%
Bucks: Borough
Perkasie
70.2%
Montgomery: Borough
Trappe
69.8%
Bucks: Township
Wrightstown
69.8%
Bucks: Borough
Ivyland
69.5%
Bucks: Township
West Rockhill
69.5%
Chester: Township
Pennsbury
69.2%
Montgomery: Township
Douglass
68.5%
Bucks: Borough
Tullytown
68.1%
Bucks: Township
Hilltown
67.8%
Bucks: Borough
Hulmeville
67.5%
Chester: Borough
Elverson
66.8%
Bucks: Township
Haycock
66.4%
Bucks: Township
Nockamixon
66.1%
Bucks: Borough
Riegelsville
65.1%
Bucks: Borough
Sellersville
65.1%
Bucks: Borough
Silverdale
64.7%
Bucks: Borough
Trumbauersville
64.7%
Delaware: Borough
Parkside
64.1%
Bucks: Township
Plumstead
61%
Quiz Playlist
Details
Report
Send in Message
Add To Playlist
Classic:
Type in answers that appear in a list
Last Updated: Aug 16, 2020
Quiz Scoreboard
CHALLENGE
Sign Up to Join the Scoreboard
Show All
Scores
Hide
Comments
May contain spoilers
Recently Published
Holiday 10x10 Sorting Gallery
by lukepisani3
Holiday
15m
Two Season TV Shows II
by 123Four
Television
10m
Image Sorting: Flags VI
by Barbecue
Geography
2m
More to Explore
Quiz From the Vault
Featured Blog Post
14 Easter Pick-up Lines to Find Eggs With
hide this ad
You Might Also Like...
Tags
Municipality
Pennsylvania
Philadelphia
suburban
Today's Top Quizzes in Geography
Browse Geography
hide this ad
Top Contributed Quizzes in Geography
1
Colored Red Europe Blitz I
2
Countries of the World - No Outlines Minefield
3
Colored Red Africa Blitz II
4
Colored Red Europe Blitz II
5
Colored Red Europe Blitz III
6
Colored Red Africa Blitz III
7
Colored Red States Blitz I
8
Colored Red States Blitz II
9
A Different View: World Oceans
10
Colored Red States Blitz III
Explore More
Trending Topics
Harry Potter
Crossword
Disney
Marvel
NBA
Kpop
Anime
NFL
Song
Puzzle
Soccer
WWE
Pokémon
Country
The Office
hide this ad
More By:
Mumphrey
Quiz
Plays
Rating
Category
Featured
Created
Municipalities of Allegheny County
371
Geography
Oct 3, 2020
Municipalities of Lebanon County, Pa.
356
5.00
Geography
May 4, 2015
Municipalities of Suburban Philadelphia (Pennsylvania)
295
5.00
Geography
Mar 3, 2016
Long Island Rail Road Stations
275
4.00
Geography
May 18, 2019
Metra Stations (and South Shore Line)
252
Geography
Aug 7, 2017
Go to Creator's Profile
Score Distribution
Quiz Creator Spotlight
Mumphrey
Follow
Send a Message
Quizzes Created
-
Created Quiz Play Count
-
More By This Creator
Popular Quizzes Today
1
Find the US States - No Outlines Minefield
2
Colored Red Africa Blitz
3
Find the 'City' Movie
4
The Countries of the World
5
5x2 Blitz: Bands
6
Find the Countries of Europe - No Outlines Minefield
7
Find the US States
8
US States
More Geography Quizzes
Timor-Leste Physical Geography
Quiz Lab
Trending Quizzes
Colored Red Europe Blitz I
Colored Red Africa Blitz II
Colored Red Europe Blitz II
Even More Two Season TV Shows
Colored Red Africa Blitz III
Recently Updated
Odd Team Out - Big 4 Players
pecheneg
Quick Pick: 20 Twenties
pecheneg
March Madness Men's Triple Doubles
pecheneg
How Do You Spell That?
pecheneg
Godzilla Movies
pecheneg
Grab Bag: 4-10 Letters
pecheneg
2024 March Madness Bracket
pecheneg
Famous TV Couples
Peacemaker
Champions League XIs: Real Madrid
pecheneg
Largest US Cities 1790-2010
pecheneg
Trending Topics
Harry Potter
NBA
Crossword
Anime
Disney
Marvel
Kpop
Soccer
WWE
NFL
The Office
Pokémon
Country
Puzzle
Song
Your Account Isn't Verified!
In order to create a playlist on Sporcle, you need to verify the email address you used during registration. Go to your
Sporcle Settings
to finish the process.
Report this User
Report this user for behavior that violates our
Community Guidelines
.
Details:
Send Report
Go to the Sporcle.com Mobile Site →
Comments